[Event "European Senior Team Championship 2021"]
[Site "Don Giovanni hotel, Vinohradska 2733, Prague, Czech Republic"]
[Date "2021.09.01"]
[Round "3"]
[Board "2"]
[White "Kierzek, Mira"]
[Black "Holst, Per"]
[Result "0-1"]
[WhiteElo "2003"]
[BlackElo "2097"]
[PlyCount "0"]
[EventDate "2021.08.30"]
[EventType "team"]
[EventRounds "9"]
[EventCountry "ECX"]
[WhiteTeam "GERMANY 1 WOMEN"]
[BlackTeam "SK 2012"]

1. d4 {[%clk 1:30:56]} e6 {[%clk 1:30:52]} 2. Nf3 {[%clk 1:31:13]} Nf6
{[%clk 1:31:12]} 3. e3 {[%clk 1:29:22]} b6 {[%clk 1:31:01]} 4. Bd3
{[%clk 1:29:27]} Bb7 {[%clk 1:31:17]} 5. Nbd2 {[%clk 1:29:13]} c5
{[%clk 1:31:25]} 6. O-O {[%clk 1:28:57]} Be7 {[%clk 1:31:44]} 7. b3
{[%clk 1:26:42]} O-O {[%clk 1:31:26]} 8. Bb2 {[%clk 1:26:08]} cxd4
{[%clk 1:30:09]} 9. exd4 {[%clk 1:24:14]} Re8 {[%clk 1:26:03]} 10. c4
{[%clk 1:21:32]} d6 {[%clk 1:23:46]} 11. Rc1 {[%clk 1:18:48]} Nbd7
{[%clk 1:23:54]} 12. Bb1 {[%clk 1:16:51]} Bf8 {[%clk 1:22:02]} 13. Re1
{[%clk 1:15:09]} g6 {[%clk 1:18:23]} 14. Qe2 {[%clk 1:03:41]} Bh6
{[%clk 1:13:58]} 15. Rcd1 {[%clk 1:01:33]} Rc8 {[%clk 1:05:56]} 16. Nf1
{[%clk 0:46:01]} Nh5 {[%clk 0:57:56]} 17. g3 {[%clk 0:41:19]} Bg7
{[%clk 0:52:50]} 18. N1d2 {[%clk 0:37:28]} Nhf6 {[%clk 0:52:28]} 19. h4
{[%clk 0:24:48]} Qc7 {[%clk 0:44:43]} 20. Qd3 {[%clk 0:15:27]} d5
{[%clk 0:42:29]} 21. cxd5 {[%clk 0:13:51]} exd5 {[%clk 0:39:32]} 22. Ne5
{[%clk 0:11:44]} Ne4 {[%clk 0:35:43]} 23. Ndf3 {[%clk 0:08:42]} Nxe5
{[%clk 0:28:49]} 24. Nxe5 {[%clk 0:08:35]} Qd6 {[%clk 0:26:07]} 25. Rc1
{[%clk 0:07:23]} Qe6 {[%clk 0:22:48]} 26. Kg2 {[%clk 0:07:11]} f6
{[%clk 0:17:49]} 27. Nf3 {[%clk 0:07:29]} Bh6 {[%clk 0:17:58]} 28. Rcd1
{[%clk 0:06:59]} Rc7 {[%clk 0:15:11]} 29. Nh2 {[%clk 0:06:01]} Bc8
{[%clk 0:08:59]} 30. g4 {[%clk 0:04:35]} Qd6 {[%clk 0:09:03]} 31. Bc1
{[%clk 0:03:50]} Bxc1 {[%clk 0:07:52]} 32. Rxc1 {[%clk 0:04:18]} Rxc1
{[%clk 0:08:07]} 33. Rxc1 {[%clk 0:04:47]} Qf4 {[%clk 0:08:22]} 34. Qf1
{[%clk 0:02:21]} Bxg4 {[%clk 0:07:42]} 35. Qe1 {[%clk 0:01:29]} Bh3+
{[%clk 0:06:10]} 36. Kg1 {[%clk 0:01:27]} Qxh4 {[%clk 0:05:53]} 37. Qe3
{[%clk 0:01:30]} Kf8 {[%clk 0:03:43]} 38. Bd3 {[%clk 0:01:46]} Nxf2
{[%clk 0:03:38]} 39. Qxf2 {[%clk 0:01:36]} Qg5+ {[%clk 0:03:50]} 40. Kh1
{[%clk 0:01:15]} Qxc1+ {[%clk 0:03:51]} 41. Nf1 {[%clk 0:01:44]} Kg7
{[%clk 0:03:15]} 42. Kh2 {[%clk 0:00:32]} Bxf1 {[%clk 0:03:23]} 43. Bxf1
{[%clk 0:01:00]} Qe3 {[%clk 0:03:24]}  0-1

[Event "European Senior Team Championship 2021"]
[Site "Don Giovanni hotel, Vinohradska 2733, Prague, Czech Republic"]
[Date "2021.09.01"]
[Round "3"]
[Board "3"]
[White "Mortensen, Steen Juul"]
[Black "Wagner-Michel, Annett"]
[Result "1/2-1/2"]
[WhiteElo "1938"]
[BlackElo "2011"]
[PlyCount "0"]
[EventDate "2021.08.30"]
[EventType "team"]
[EventRounds "9"]
[EventCountry "ECX"]
[WhiteTeam "SK 2012"]
[BlackTeam "GERMANY 1 WOMEN"]

1. d4 {[%clk 1:30:57]} d5 {[%clk 1:30:54]} 2. c4 {[%clk 1:31:11]} e6
{[%clk 1:31:19]} 3. Nf3 {[%clk 1:31:31]} Nf6 {[%clk 1:31:33]} 4. g3
{[%clk 1:31:33]} Bb4+ {[%clk 1:30:45]} 5. Nbd2 {[%clk 1:31:09]} Nc6
{[%clk 1:27:56]} 6. Bg2 {[%clk 1:21:58]} dxc4 {[%clk 1:24:58]} 7. O-O
{[%clk 1:21:28]} c3 {[%clk 1:09:30]} 8. Nc4 {[%clk 1:20:08]} O-O {[%clk 1:01:37]}
9. Qb3 {[%clk 1:16:03]} cxb2 {[%clk 0:53:52]} 10. Bxb2 {[%clk 1:16:31]} a5
{[%clk 0:53:09]} 11. a3 {[%clk 1:09:21]} a4 {[%clk 0:50:38]} 12. Qc2
{[%clk 1:07:09]} Be7 {[%clk 0:49:03]} 13. Rac1 {[%clk 1:00:55]} Ra6
{[%clk 0:43:16]} 14. e4 {[%clk 0:53:04]} Bd7 {[%clk 0:38:22]} 15. Rfe1
{[%clk 0:32:17]} h6 {[%clk 0:24:42]} 16. h4 {[%clk 0:27:56]}  1/2-1/2

[Event "European Senior Team Championship 2021"]
[Site "Don Giovanni hotel, Vinohradska 2733, Prague, Czech Republic"]
[Date "2021.09.01"]
[Round "3"]
[Board "1"]
[White "Afek, Yochanan"]
[Black "Jurek, Josef"]
[Result "1/2-1/2"]
[WhiteElo "2202"]
[BlackElo "2208"]
[PlyCount "0"]
[EventDate "2021.08.30"]
[EventType "team"]
[EventRounds "9"]
[EventCountry "ECX"]
[WhiteTeam "ISRAEL 2"]
[BlackTeam "SK SOKOL VYSEHRAD"]

1. e4 {[%clk 1:30:51]} e6 {[%clk 1:30:42]} 2. d4 {[%clk 1:31:15]} d5
{[%clk 1:31:01]} 3. e5 {[%clk 1:31:30]} c5 {[%clk 1:31:12]} 4. c3
{[%clk 1:31:54]} Nc6 {[%clk 1:31:24]} 5. Nf3 {[%clk 1:32:19]} Bd7
{[%clk 1:31:16]} 6. Be2 {[%clk 1:30:59]} Nge7 {[%clk 1:30:27]} 7. Na3
{[%clk 1:28:56]} cxd4 {[%clk 1:29:58]} 8. cxd4 {[%clk 1:29:18]} Nf5
{[%clk 1:29:47]} 9. Nc2 {[%clk 1:29:44]} Qb6 {[%clk 1:28:15]} 10. O-O
{[%clk 1:30:02]} Na5 {[%clk 1:24:22]} 11. Re1 {[%clk 1:29:36]} Bb5
{[%clk 1:22:25]} 12. Bxb5+ {[%clk 1:29:37]} Qxb5 {[%clk 1:22:41]} 13. Ne3
{[%clk 1:29:39]} Nxe3 {[%clk 1:20:10]} 14. Rxe3 {[%clk 1:29:47]} Nc4
{[%clk 1:10:07]} 15. Rd3 {[%clk 1:23:39]} Be7 {[%clk 1:02:21]} 16. b3
{[%clk 1:23:29]} Na5 {[%clk 1:00:49]} 17. Bf4 {[%clk 1:19:06]} O-O
{[%clk 0:55:57]} 18. Ne1 {[%clk 1:08:23]} f5 {[%clk 0:47:48]} 19. exf6
{[%clk 1:07:38]} Bxf6 {[%clk 0:47:35]} 20. Nf3 {[%clk 0:53:41]} Nc6
{[%clk 0:39:37]} 21. Bd6 {[%clk 0:36:04]} Rfd8 {[%clk 0:34:57]}  1/2-1/2

[Event "European Senior Team Championship 2021"]
[Site "Don Giovanni hotel, Vinohradska 2733, Prague, Czech Republic"]
[Date "2021.09.01"]
[Round "3"]
[Board "2"]
[White "Netusil, Miloslav"]
[Black "Gal, Moshe"]
[Result "0-1"]
[WhiteElo "2146"]
[BlackElo "2088"]
[PlyCount "0"]
[EventDate "2021.08.30"]
[EventType "team"]
[EventRounds "9"]
[EventCountry "ECX"]
[WhiteTeam "SK SOKOL VYSEHRAD"]
[BlackTeam "ISRAEL 2"]

1. e4 {[%clk 1:30:57]} c5 {[%clk 1:30:46]} 2. c3 {[%clk 1:30:34]} g6
{[%clk 1:29:43]} 3. d4 {[%clk 1:30:42]} cxd4 {[%clk 1:30:04]} 4. cxd4
{[%clk 1:31:04]} d5 {[%clk 1:30:32]} 5. e5 {[%clk 1:30:51]} Nc6 {[%clk 1:29:33]}
6. Nf3 {[%clk 1:22:54]} Bg4 {[%clk 1:28:59]} 7. Bb5 {[%clk 1:21:19]} Qb6
{[%clk 1:26:05]} 8. Bxc6+ {[%clk 1:10:52]} Qxc6 {[%clk 1:23:21]} 9. O-O
{[%clk 1:10:35]} Bg7 {[%clk 1:21:53]} 10. Nc3 {[%clk 1:01:24]} e6
{[%clk 1:17:14]} 11. Be3 {[%clk 0:56:42]} Ne7 {[%clk 1:16:27]} 12. Rc1
{[%clk 0:51:56]} O-O {[%clk 1:05:17]} 13. Qa4 {[%clk 0:39:41]} Bxf3
{[%clk 1:04:11]} 14. Qxc6 {[%clk 0:39:57]} Nxc6 {[%clk 1:02:09]} 15. gxf3
{[%clk 0:40:18]} f6 {[%clk 0:59:45]} 16. f4 {[%clk 0:39:51]} g5 {[%clk 0:56:18]}
17. exf6 {[%clk 0:39:41]} Bxf6 {[%clk 0:56:46]} 18. f5 {[%clk 0:34:49]} exf5
{[%clk 0:54:53]} 19. Nxd5 {[%clk 0:33:28]} f4 {[%clk 0:54:17]} 20. Nxf6+
{[%clk 0:31:27]} Rxf6 {[%clk 0:54:45]} 21. Bd2 {[%clk 0:31:05]} Nxd4
{[%clk 0:54:53]} 22. Bc3 {[%clk 0:28:09]} Ne2+ {[%clk 0:54:25]} 23. Kh1
{[%clk 0:28:31]} Rc6 {[%clk 0:54:36]} 24. Rcd1 {[%clk 0:27:27]} Nxc3
{[%clk 0:54:46]} 25. bxc3 {[%clk 0:27:48]} Rxc3 {[%clk 0:53:16]} 26. Rd5
{[%clk 0:25:48]} h6 {[%clk 0:53:04]} 27. Rd7 {[%clk 0:21:46]} Rac8
{[%clk 0:50:17]} 28. Rxb7 {[%clk 0:21:44]} R8c7 {[%clk 0:50:32]} 29. Rb2
{[%clk 0:18:40]} Kg7 {[%clk 0:44:06]} 30. Kg2 {[%clk 0:17:50]} Rc2
{[%clk 0:42:23]} 31. Rfb1 {[%clk 0:17:58]} Kg6 {[%clk 0:42:09]} 32. a4
{[%clk 0:16:46]} Rxb2 {[%clk 0:42:10]} 33. Rxb2 {[%clk 0:17:10]} Rc4
{[%clk 0:42:35]} 34. a5 {[%clk 0:16:16]} Rc5 {[%clk 0:41:59]} 35. Ra2
{[%clk 0:16:38]} a6 {[%clk 0:42:18]} 36. h3 {[%clk 0:16:09]} Kf5 {[%clk 0:41:49]}
37. Kf3 {[%clk 0:16:23]} h5 {[%clk 0:41:40]} 38. Ra1 {[%clk 0:15:01]} Rc3+
{[%clk 0:41:11]} 39. Kg2 {[%clk 0:15:24]} f3+ {[%clk 0:39:45]} 40. Kg1
{[%clk 0:15:35]} h4 {[%clk 0:35:48]} 41. Kh2 {[%clk 0:14:10]} Rc2
{[%clk 0:35:52]} 42. Kg1 {[%clk 0:14:31]} Rc5 {[%clk 0:36:05]} 43. Ra4
{[%clk 0:13:44]} Ke6 {[%clk 0:34:56]} 44. Ra3 {[%clk 0:13:17]} Rf5
{[%clk 0:35:15]} 45. Rd3 {[%clk 0:07:45]} Rxa5 {[%clk 0:34:30]} 46. Rxf3
{[%clk 0:08:09]} Rf5 {[%clk 0:34:34]} 47. Ra3 {[%clk 0:07:39]} a5
{[%clk 0:35:02]} 48. Kf1 {[%clk 0:07:58]} Kd6 {[%clk 0:35:06]} 49. Ke2
{[%clk 0:08:09]} Kc6 {[%clk 0:35:34]} 50. Ra1 {[%clk 0:07:23]} Kb6
{[%clk 0:35:37]} 51. Ke3 {[%clk 0:07:09]} Kb5 {[%clk 0:35:22]} 52. Rb1+
{[%clk 0:07:13]} Kc4 {[%clk 0:35:50]} 53. Ra1 {[%clk 0:07:19]} Kb3
{[%clk 0:34:22]} 54. Rb1+ {[%clk 0:05:15]} Kc2 {[%clk 0:34:34]} 55. Ra1
{[%clk 0:02:01]} Kb2 {[%clk 0:34:48]} 56. Rd1 {[%clk 0:02:17]} a4
{[%clk 0:33:14]} 57. Rd2+ {[%clk 0:02:21]} Kc1 {[%clk 0:33:26]} 58. Ra2
{[%clk 0:00:55]} Rf4 {[%clk 0:32:23]} 59. Kd3 {[%clk 0:28:53]} Kb1
{[%clk 1:01:58]} 60. Re2 {[%clk 0:28:28]} Rf3+ {[%clk 1:01:47]}  0-1

[Event "European Senior Team Championship 2021"]
[Site "Don Giovanni hotel, Vinohradska 2733, Prague, Czech Republic"]
[Date "2021.09.01"]
[Round "3"]
[Board "3"]
[White "Segal, Yosef"]
[Black "Pilar, Miloslav"]
[Result "1/2-1/2"]
[WhiteElo "1814"]
[BlackElo "2035"]
[PlyCount "0"]
[EventDate "2021.08.30"]
[EventType "team"]
[EventRounds "9"]
[EventCountry "ECX"]
[WhiteTeam "ISRAEL 2"]
[BlackTeam "SK SOKOL VYSEHRAD"]

1. d4 {[%clk 1:30:54]} Nf6 {[%clk 1:30:50]} 2. c4 {[%clk 1:30:56]} c5
{[%clk 1:30:34]} 3. d5 {[%clk 1:31:09]} b5 {[%clk 1:30:52]} 4. cxb5
{[%clk 1:31:27]} a6 {[%clk 1:31:07]} 5. Nc3 {[%clk 1:31:36]} axb5
{[%clk 1:31:12]} 6. Nxb5 {[%clk 1:31:50]} d6 {[%clk 1:31:01]} 7. Nc3
{[%clk 1:31:49]} g6 {[%clk 1:30:56]} 8. e4 {[%clk 1:32:06]} Bg7 {[%clk 1:30:03]}
9. Bb5+ {[%clk 1:32:21]} Bd7 {[%clk 1:29:10]} 10. Bxd7+ {[%clk 1:32:35]} Nbxd7
{[%clk 1:27:46]} 11. Nge2 {[%clk 1:32:30]} O-O {[%clk 1:27:43]} 12. O-O
{[%clk 1:32:39]} Qb6 {[%clk 1:27:01]} 13. Rb1 {[%clk 1:31:36]} Ne8
{[%clk 1:21:12]} 14. Be3 {[%clk 1:22:24]} Qa6 {[%clk 1:14:44]} 15. Qd2
{[%clk 1:16:59]} Nc7 {[%clk 1:09:09]} 16. Bh6 {[%clk 1:16:44]} Nb5
{[%clk 1:07:55]} 17. Bxg7 Kxg7 18. Nxb5 {[%clk 1:14:12]} Qxb5 {[%clk 1:08:10]}
19. Nc3 {[%clk 1:13:48]} Qb4 {[%clk 1:02:28]} 20. Qc2 {[%clk 1:13:31]} c4
{[%clk 1:01:11]} 21. a3 {[%clk 1:12:28]} Qc5 {[%clk 0:57:21]} 22. Ne2
{[%clk 1:10:14]} Kg8 {[%clk 0:47:26]} 23. Qc3 {[%clk 1:07:46]} Nb6
{[%clk 0:40:31]} 24. Qd4 {[%clk 1:04:41]} Rfc8 {[%clk 0:34:22]} 25. Rfc1
{[%clk 0:54:10]} Qxd4 {[%clk 0:26:31]} 26. Nxd4 {[%clk 0:53:41]} Kf8
{[%clk 0:26:42]} 27. Nc6 {[%clk 0:52:58]} e6 {[%clk 0:22:52]} 28. Nb4
{[%clk 0:53:17]} exd5 {[%clk 0:22:40]} 29. exd5 {[%clk 0:50:57]} Ra5
{[%clk 0:21:34]} 30. Kf1 {[%clk 0:46:22]} Nxd5 {[%clk 0:20:11]} 31. Nc2
{[%clk 0:44:09]} Rac5 {[%clk 0:18:01]} 32. Nd4 {[%clk 0:43:30]} Nf4
{[%clk 0:17:03]} 33. b4 {[%clk 0:41:51]} cxb3 {[%clk 0:11:57]} 34. Nxb3
{[%clk 0:41:35]} Rxc1+ {[%clk 0:09:09]} 35. Nxc1 {[%clk 0:39:45]} Ra8
{[%clk 0:07:53]} 36. Ra1 {[%clk 0:39:01]} Ra4 {[%clk 0:07:45]} 37. g3
{[%clk 0:38:58]} Ne6 {[%clk 0:06:16]} 38. Nd3 {[%clk 0:38:44]} Ke7
{[%clk 0:02:34]} 39. Nb2 {[%clk 0:38:29]} Ra5 {[%clk 0:02:23]} 40. a4
{[%clk 0:38:29]} d5 {[%clk 0:02:29]} 41. Nd3 {[%clk 0:37:41]} Kd6
{[%clk 0:02:23]} 42. Ke2 {[%clk 0:37:46]} Nc5 {[%clk 0:01:08]} 43. Nb2
{[%clk 0:37:54]} g5 {[%clk 0:27:35]} 44. g4 {[%clk 1:06:22]} h6 {[%clk 0:25:44]}
45. Ra3 {[%clk 1:04:46]} Ke5 {[%clk 0:20:31]} 46. h3 {[%clk 1:03:12]} f6
{[%clk 0:19:09]} 47. Nd3+ {[%clk 1:02:13]} Kd4 {[%clk 0:18:42]} 48. Nxc5
{[%clk 1:01:28]} Kxc5 {[%clk 0:19:01]} 49. Kd3 {[%clk 1:01:30]}  1/2-1/2

[Event "European Senior Team Championship 2021"]
[Site "Don Giovanni hotel, Vinohradska 2733, Prague, Czech Republic"]
[Date "2021.09.01"]
[Round "3"]
[Board "4"]
[White "Groh, Jiri"]
[Black "Postolati, Alexander"]
[Result "1-0"]
[WhiteElo "2020"]
[BlackElo "1779"]
[PlyCount "0"]
[EventDate "2021.08.30"]
[EventType "team"]
[EventRounds "9"]
[EventCountry "ECX"]
[WhiteTeam "SK SOKOL VYSEHRAD"]
[BlackTeam "ISRAEL 2"]

1. Nf3 {[%clk 1:25:48]} d5 {[%clk 1:30:46]} 2. d4 {[%clk 1:21:42]} Nf6
{[%clk 1:31:09]} 3. c4 {[%clk 1:22:02]} dxc4 {[%clk 1:31:28]} 4. Qa4+
{[%clk 1:22:09]} c6 {[%clk 1:04:54]} 5. Qxc4 {[%clk 1:22:18]} Bf5
{[%clk 1:04:54]} 6. e3 {[%clk 1:20:05]} e6 {[%clk 1:05:10]} 7. Bd3
{[%clk 1:19:26]} Bxd3 {[%clk 0:51:39]} 8. Qxd3 {[%clk 1:19:48]} Bb4+
{[%clk 0:51:49]} 9. Nc3 {[%clk 1:18:50]} O-O {[%clk 0:50:54]} 10. O-O
{[%clk 1:18:52]} Nbd7 {[%clk 0:47:38]} 11. Rd1 {[%clk 1:17:41]} c5
{[%clk 0:31:25]} 12. dxc5 {[%clk 1:11:48]} Bxc5 {[%clk 0:27:56]} 13. Bd2
{[%clk 1:09:20]} a6 {[%clk 0:18:39]} 14. Ne4 {[%clk 1:04:09]} h6 {[%clk 0:04:39]}
15. Bc3 {[%clk 1:02:36]} Be7 {[%clk 0:04:47]} 16. h3 {[%clk 0:56:02]} Qb8
{[%clk 0:04:53]} 17. Rac1 {[%clk 0:52:08]} Rd8 {[%clk 0:04:40]} 18. Qc2
{[%clk 0:44:08]} Nxe4 {[%clk 0:04:44]} 19. Qxe4 {[%clk 0:44:25]} Nf6
{[%clk 0:04:33]} 20. Rxd8+ {[%clk 0:42:40]} Bxd8 {[%clk 0:04:46]} 21. Qd3
{[%clk 0:42:17]} Be7 {[%clk 0:04:08]} 22. Be5 {[%clk 0:39:51]} Qd8
{[%clk 0:04:13]} 23. Qc4 {[%clk 0:37:16]} b5 {[%clk 0:02:33]} 24. Qc7
{[%clk 0:35:15]} Qf8 {[%clk 0:02:41]} 25. Qb7 {[%clk 0:34:38]} Bc5
{[%clk 0:01:39]} 26. Rxc5 {[%clk 0:34:17]}  1-0

[Event "European Senior Team Championship 2021"]
[Site "Don Giovanni hotel, Vinohradska 2733, Prague, Czech Republic"]
[Date "2021.09.01"]
[Round "3"]
[Board "1"]
[White "Pribyl, Josef"]
[Black "Nordstrom, Felix"]
[Result "1-0"]
[WhiteElo "2226"]
[BlackElo "2083"]
[PlyCount "0"]
[EventDate "2021.08.30"]
[EventType "team"]
[EventRounds "9"]
[EventCountry "ECX"]
[WhiteTeam "CHESS ACADEMY PRAHA"]
[BlackTeam "SWEDEN 2"]

1. c4 {[%clk 1:30:57]} e6 {[%clk 1:30:30]} 2. Nf3 {[%clk 1:30:51]} d5
{[%clk 1:29:58]} 3. b3 {[%clk 1:31:14]} Nf6 {[%clk 1:30:01]} 4. Bb2
{[%clk 1:31:42]} Be7 {[%clk 1:29:49]} 5. g3 {[%clk 1:32:09]} O-O {[%clk 1:29:14]}
6. Bg2 {[%clk 1:32:38]} c5 {[%clk 1:26:44]} 7. O-O {[%clk 1:33:05]} dxc4
{[%clk 1:25:54]} 8. bxc4 {[%clk 1:33:31]} Nc6 {[%clk 1:24:12]} 9. d3
{[%clk 1:33:25]} Qc7 {[%clk 1:20:41]} 10. Nc3 {[%clk 1:33:46]} a6
{[%clk 1:18:31]} 11. a4 {[%clk 1:33:34]} Rb8 {[%clk 1:16:29]} 12. e3
{[%clk 1:32:56]} Rd8 {[%clk 1:15:05]} 13. Qe2 {[%clk 1:33:24]} b6
{[%clk 1:13:43]} 14. Rfd1 {[%clk 1:33:46]} Bb7 {[%clk 1:13:00]} 15. Rac1
{[%clk 1:33:30]} Na5 {[%clk 1:10:17]} 16. Rb1 {[%clk 1:30:05]} Bc6
{[%clk 1:08:08]} 17. Ba1 {[%clk 1:29:19]} Ne8 {[%clk 1:03:06]} 18. e4
{[%clk 1:22:01]} Bf6 {[%clk 1:00:07]} 19. h4 {[%clk 1:21:56]} Qd7
{[%clk 0:58:16]} 20. Rd2 {[%clk 1:18:03]} Bxa4 {[%clk 0:50:48]} 21. Nxa4
{[%clk 1:17:28]} Qxa4 {[%clk 0:51:09]} 22. e5 {[%clk 1:16:05]} Be7
{[%clk 0:50:44]} 23. Bc3 {[%clk 1:16:19]} Qd7 {[%clk 0:48:40]} 24. Rdb2
{[%clk 1:11:27]} Qc7 {[%clk 0:43:19]} 25. Qe4 {[%clk 1:09:38]} Nc6
{[%clk 0:35:39]} 26. Ng5 {[%clk 1:07:10]} Bxg5 {[%clk 0:35:42]} 27. Qxc6
{[%clk 1:06:52]} Be7 {[%clk 0:24:18]} 28. Rxb6 {[%clk 1:04:49]} Qxc6
{[%clk 0:20:07]} 29. Bxc6 {[%clk 1:05:11]} Rxb6 {[%clk 0:17:01]} 30. Rxb6
{[%clk 1:05:39]} Kf8 {[%clk 0:16:00]} 31. Rxa6 {[%clk 1:04:06]} Rxd3
{[%clk 0:10:50]} 32. Ba5 {[%clk 0:59:02]} Bd8 {[%clk 0:10:11]} 33. Ra8
{[%clk 0:57:30]} Ke7 {[%clk 0:10:24]} 34. Bb6 {[%clk 0:54:44]} f6
{[%clk 0:08:47]} 35. Bxc5+ {[%clk 0:54:36]} Kf7 {[%clk 0:09:10]} 36. Ra7+
{[%clk 0:53:53]} Nc7 {[%clk 0:08:30]} 37. Bd6 {[%clk 0:54:13]}  1-0

[Event "European Senior Team Championship 2021"]
[Site "Don Giovanni hotel, Vinohradska 2733, Prague, Czech Republic"]
[Date "2021.09.01"]
[Round "3"]
[Board "2"]
[White "Carlsten, Peter"]
[Black "Mojzis, Jaroslav"]
[Result "1/2-1/2"]
[WhiteElo "1945"]
[BlackElo "2030"]
[PlyCount "0"]
[EventDate "2021.08.30"]
[EventType "team"]
[EventRounds "9"]
[EventCountry "ECX"]
[WhiteTeam "SWEDEN 2"]
[BlackTeam "CHESS ACADEMY PRAHA"]

1. e4 {[%clk 1:30:50]} e5 {[%clk 1:30:41]} 2. Nf3 {[%clk 1:31:09]} Nc6
{[%clk 1:31:05]} 3. Bb5 {[%clk 1:31:22]} a6 {[%clk 1:31:28]} 4. Ba4
{[%clk 1:31:49]} Nf6 {[%clk 1:31:48]} 5. O-O {[%clk 1:31:59]} Be7
{[%clk 1:32:04]} 6. Re1 {[%clk 1:32:09]} b5 {[%clk 1:32:23]} 7. Bb3
{[%clk 1:32:35]} O-O {[%clk 1:32:44]} 8. d4 {[%clk 1:29:14]} d6 {[%clk 1:31:50]}
9. c3 {[%clk 1:29:23]} Bg4 {[%clk 1:30:26]} 10. Be3 {[%clk 1:28:34]} exd4
{[%clk 1:30:22]} 11. cxd4 {[%clk 1:28:56]} d5 {[%clk 1:30:46]} 12. e5
{[%clk 1:28:02]} Ne4 {[%clk 1:31:07]} 13. Nc3 {[%clk 1:26:48]} Nxc3
{[%clk 1:31:23]} 14. bxc3 {[%clk 1:27:14]} Na5 {[%clk 1:31:33]} 15. Bc2
{[%clk 1:26:05]} Nc4 {[%clk 1:31:44]} 16. Qd3 {[%clk 1:18:44]} g6
{[%clk 1:31:44]} 17. Bh6 {[%clk 1:18:57]} Re8 {[%clk 1:31:27]} 18. h3
{[%clk 1:18:32]} Bf5 {[%clk 1:30:48]} 19. Qe2 {[%clk 1:18:55]} Bxc2
{[%clk 1:31:05]} 20. Qxc2 {[%clk 1:19:20]} a5 {[%clk 1:30:29]} 21. Nd2
{[%clk 1:16:20]} Nxd2 {[%clk 1:15:07]} 22. Bxd2 {[%clk 1:15:20]} c5
{[%clk 1:13:55]} 23. f4 {[%clk 1:15:00]} Qb6 {[%clk 0:51:32]} 24. Qd3
{[%clk 1:14:03]} b4 {[%clk 0:48:24]} 25. Rf1 {[%clk 1:08:11]} bxc3
{[%clk 0:34:02]} 26. Bxc3 {[%clk 1:08:19]} cxd4 {[%clk 0:33:55]} 27. Bxd4
{[%clk 1:08:43]} Bc5 {[%clk 0:34:09]} 28. Rfd1 {[%clk 1:08:44]} Rac8
{[%clk 0:31:25]} 29. Kh2 {[%clk 1:05:51]} Qe6 {[%clk 0:23:31]}  1/2-1/2

[Event "European Senior Team Championship 2021"]
[Site "Don Giovanni hotel, Vinohradska 2733, Prague, Czech Republic"]
[Date "2021.09.01"]
[Round "3"]
[Board "3"]
[White "Mlynek, Petr"]
[Black "Dalling, Peter"]
[Result "1/2-1/2"]
[WhiteElo "2058"]
[BlackElo "1828"]
[PlyCount "0"]
[EventDate "2021.08.30"]
[EventType "team"]
[EventRounds "9"]
[EventCountry "ECX"]
[WhiteTeam "CHESS ACADEMY PRAHA"]
[BlackTeam "SWEDEN 2"]

1. d4 {[%clk 1:30:57]} Nf6 {[%clk 1:30:53]} 2. c4 {[%clk 1:31:18]} e6
{[%clk 1:31:13]} 3. g3 {[%clk 1:31:27]} d5 {[%clk 1:31:33]} 4. Nf3
{[%clk 1:31:46]} Bb4+ {[%clk 1:30:56]} 5. Bd2 {[%clk 1:32:07]} Bxd2+
{[%clk 1:29:38]} 6. Nbxd2 {[%clk 1:32:11]} O-O {[%clk 1:29:51]} 7. Bg2
{[%clk 1:32:16]} Nbd7 {[%clk 1:27:43]} 8. Qc2 {[%clk 1:32:03]} c6
{[%clk 1:27:19]} 9. O-O {[%clk 1:31:46]} Re8 {[%clk 1:25:27]} 10. e4
{[%clk 1:29:59]} dxe4 {[%clk 1:25:47]} 11. Nxe4 {[%clk 1:30:22]} Nxe4
{[%clk 1:26:12]} 12. Qxe4 {[%clk 1:30:43]} Nf6 {[%clk 1:26:39]} 13. Qe2
{[%clk 1:30:21]} Qc7 {[%clk 1:24:51]} 14. Rfd1 {[%clk 1:27:12]} Bd7
{[%clk 1:22:37]} 15. Qe5 {[%clk 1:26:16]} Rac8 {[%clk 1:19:19]} 16. b4
{[%clk 1:25:24]} Red8 {[%clk 1:16:48]} 17. Rd3 {[%clk 1:18:13]} Be8
{[%clk 1:08:34]} 18. Rad1 {[%clk 1:15:25]} Qe7 {[%clk 0:58:24]} 19. Qc5
{[%clk 1:05:03]} Qxc5 {[%clk 0:55:50]} 20. dxc5 {[%clk 1:04:51]} Rxd3
{[%clk 0:55:45]} 21. Rxd3 {[%clk 1:05:18]} Kf8 {[%clk 0:55:53]} 22. Ne5
{[%clk 0:59:26]} Ke7 {[%clk 0:55:41]} 23. Kf1 {[%clk 0:55:47]} Nd7
{[%clk 0:53:03]} 24. f4 {[%clk 0:55:30]} Nxe5 {[%clk 0:49:57]} 25. fxe5
{[%clk 0:55:51]} a5 {[%clk 0:47:20]} 26. bxa5 {[%clk 0:53:05]} Ra8
{[%clk 0:44:36]} 27. Ra3 {[%clk 0:53:19]} Rd8 {[%clk 0:44:58]} 28. a6
{[%clk 0:52:42]} bxa6 {[%clk 0:45:21]} 29. Rxa6 {[%clk 0:53:02]} Rd2
{[%clk 0:44:12]} 30. a4 {[%clk 0:52:46]} Rc2 {[%clk 0:44:27]} 31. Bxc6
{[%clk 0:52:25]} Bxc6 {[%clk 0:44:30]} 32. Rxc6 {[%clk 0:52:47]} Rxc4
{[%clk 0:44:57]} 33. a5 {[%clk 0:48:49]} Kd7 {[%clk 0:45:11]} 34. Ra6
{[%clk 0:47:46]} Rxc5 {[%clk 0:45:25]} 35. Ra7+ {[%clk 0:48:03]} Rc7
{[%clk 0:45:50]} 36. Rxc7+ {[%clk 0:46:51]} Kxc7 {[%clk 0:46:11]} 37. Ke2
{[%clk 0:47:13]} Kb7 {[%clk 0:46:35]} 38. Kd3 {[%clk 0:47:24]} Ka6
{[%clk 0:47:01]} 39. Kc4 {[%clk 0:47:24]} f6 {[%clk 0:47:13]} 40. exf6
{[%clk 0:40:26]} gxf6 {[%clk 0:45:32]} 41. Kb4 {[%clk 0:40:49]} e5
{[%clk 0:41:05]} 42. g4 {[%clk 0:40:30]} h6 {[%clk 0:41:22]} 43. h3
{[%clk 0:36:32]} Ka7 {[%clk 0:40:45]} 44. Kb5 {[%clk 0:36:19]} Kb7
{[%clk 0:41:11]} 45. Kc5 {[%clk 0:34:53]} Ka6 {[%clk 0:41:25]} 46. Kb4
{[%clk 0:34:58]} Ka7 {[%clk 0:41:23]} 47. Kc5 {[%clk 0:34:40]} Ka6
{[%clk 0:41:47]} 48. Kb4  1/2-1/2